Expert PHP 5 tools : proven enterprise development tools and best practices for designing, coding, testing, and deploying PHP applications /

Bibliographic Details
Main Author: Merkel, Dirk
Format: Book
Language:English
Published: Birmingham : Mumbai : Packt Pub. ; Shroff publishers, c2010.[Reprinted]
Subjects:
Classic Catalogue: View this record in Classic Catalogue
LEADER 00967nam a2200217 a 4500
001 00024706
008 120322r2010 enka 001 0 eng d
040 |a BD-DhAAL  |c BD-DhAALs 
020 |a 9781847198389 
020 |a 9789350231524 
082 0 0 |a 005.2762  |2 22 
100 1 |a Merkel, Dirk. 
245 1 0 |a Expert PHP 5 tools :  |b proven enterprise development tools and best practices for designing, coding, testing, and deploying PHP applications /  |c Dirk Merkel 
260 |a Birmingham :  |b Packt Pub. ;  |a Mumbai :  |b Shroff publishers,  |c c2010.[Reprinted] 
300 |a ix, 449 p. :  |b ill. ;  |c 23 cm. 
500 |a Includes index. 
541 1 |e 00024706 
650 0 |a PHP (Computer program language)  |v Handbooks, manuals, etc. 
852 1 |a Ayesha Abed Library  |j General shelf 
999 |c 12017  |d 12017 
952 |0 0  |1 0  |4 0  |6 005_276200000000000_MER  |7 0  |9 19771  |a BRACUL  |b BRACUL  |c GEN  |d 2012-03-20  |e Trim Education  |g 1225.00  |l 5  |m 50  |o 005.2762 MER  |p 3010024706  |r 2017-05-22  |s 2016-12-18  |t 1  |w 2012-03-22  |y BK